000 00874nam a2200253Ia 4500
003 OSt
005 20221005112523.0
006 a|||||r|||| 00| 0
007 ta
008 221004b |||||||| |||| 00| 0 pan d
020 _c125
024 _a11326
037 _b837, 20/03/2014, H.K. Prakashan
_cTextual
040 _aCRL
_cCRL
_bpan
041 _2pan
_apan
082 _aO153:g, P5
100 _aਰਵਿੰਦਰ ਕੁਮਾਰ
245 0 _aਸਾਹਿਤ ਨਵ ਸਿਧਾਂਤ
_b ਪੂਰਬਵਾਦ ਤੋ੍ਵ ਕੌਮਵਾਦ ਤੱਕ
260 _aਚੰਡੀਗੜ
_bਲੋਕਗੀਤ ਭਾਰਤ
_c2005
300 _a112ਪੰ
_ccm.
650 _aਪੰਜਾਬੀ ਸਾਹਿਤ
942 _hO153:g, P5
_cTEXL
_2cc
999 _c1025144
_d1025144